Dokąd można wieczorem wyjść ze znajomymi? - Statystyki

Ogólne statystyki
  • Ten quiz został rozwiązany 33 razy
  • Średni wynik to 2 z 6
Statystyki odpowiedzi
Hint Odpowiedź % Poprawnych
1. Kina
77%
5. Restauracji
58%
3. Baru
54%
2. Teatru
35%
4. Dyskoteki
12%
6. Opery
8%
Nie znaleziono quizów pasujących do podanych kryteriów
Rozkład punktacji
Procent ludzi z każdym wynikiem
Percentyl według liczby udzielonych odpowiedzi
Twoja historia wyników
Nie rozwiązałeś tego quizu